| 000 | 00374nam a2200121Ia 4500 | ||
|---|---|---|---|
| 008 | 230907s9999||||xx |||||||||||||| ||und|| | ||
| 082 |
_a660.2 _bHIM |
||
| 100 |
_aHimmelblau, David Mautner, _9115226 |
||
| 245 | 0 | _aBasic principles and calculations in chemical engineering/ | |
| 260 |
_aPrentice Hall, _bUpper Saddle River, NJ : _c2012 |
||
| 300 | _axx, 945 p. : | ||
| 942 | _cBK | ||
| 999 |
_c598568 _d598568 |
||